[Event "Moscow Aeroflot op-A"]
[Site "Moscow"]
[Date "2024.03.05"]
[Round "5"]
[White "Valiyev, Shahin"]
[Black "Bazeev, German"]
[Result "0-1"]
[WhiteElo "2324"]
[BlackElo "2369"]
[PlyCount "120"]
[EventDate "2024.03.03"]
[EventType "swiss"]
[EventRounds "9"]
[EventCountry "RUS"]
[SourceTitle "CB11_2024"]
[SourceDate "2024.03.13"]
[SourceVersion "1"]
[SourceVersionDate "2024.03.13"]
[SourceQuality "1"]

1. e4 c5 2. Nf3 Nc6 3. d4 cxd4 4. Nxd4 e5 5. Nb5 d6 6. N1c3 a6 7. Na3 Be6 8. Nc4 Rb8 9. Ne3 Nf6 10. Bd3 Rc8 11. 0-0 Be7 12. Ncd5 0-0 13. c4 Bxd5 14. exd5 Nb8 15. b3 g6 16. Bb2 Nbd7 17. Qf3 Re8 18. Rae1 Bf8 19. Qh3 Bg7 20. g3 a5 21. Kh1 a4 22. b4 a3 23. Ba1 e4 24. Be2 h5 25. Rc1 Nh7 26. Bxg7 Kxg7 27. Qg2 Nhf6 28. Rfd1 Qb6 29. Rb1 Ne5 30. h3 Qa7 31. Rb3 Re7 32. Qf1 h4 33. gxh4 b6 34. Qg2 Qd7 35. Kh2 Rh8 36. Qg5 Nf3+ 37. Bxf3 exf3 38. Rd4 Re5 39. Qf4 Qe7 40. Qxf3 Ne4 41. Ng4 f5 42. Ne3 Rxh4 43. Qg2 Rh5 44. Rxa3 Qh4 45. Nf1 Qf4+ 46. Ng3 Rxh3+ 47. Qxh3 Qxf2+ 48. Qg2 Qxd4 49. Ra7+ Kf8 50. Ne2 Qd2 51. Ra8+ Ke7 52. Rh8 Nf6 53. Ng1 Ng4+ 54. Kh1 Nf2+ 55. Kh2 Qf4+ 56. Qg3 Ng4+ 57. Kg2 Qd2+ 58. Kh1 Nf2+ 59. Kh2 Ne4+ 60. Qg2 Qf4+ 0-1

[Event "Krakow op-A 34th"]
[Site "Krakow"]
[Date "2024.01.03"]
[Round "8"]
[White "Anwesh, Upadhyaya"]
[Black "Valiyev, Shahin"]
[Result "1-0"]
[WhiteElo "2350"]
[BlackElo "2158"]
[PlyCount "41"]
[EventDate "2023.12.27"]
[EventType "swiss"]
[EventRounds "9"]
[EventCountry "POL"]
[SourceTitle "CB02_2024"]
[SourceDate "2024.01.10"]
[SourceVersion "1"]
[SourceVersionDate "2024.01.10"]
[SourceQuality "1"]

1. e4 c5 2. Nf3 d6 3. d4 cxd4 4. Nxd4 Nf6 5. Nc3 a6 6. Be3 e5 7. Nb3 Be6 8. Qd2 Be7 9. 0-0-0 Nbd7 10. f4 b5 11. f5 Bc4 12. Kb1 0-0 13. g4 Nxg4 14. Rg1 Nxe3 15. Qxe3 Kh8 16. Nd2 Bxf1 17. Rdxf1 Nf6 18. Rf3 Rc8 19. Rh3 b4 20. Nd5 Nxd5 21. Rxg7 1-0

[Event "Belgrade Serbia op"]
[Site "Belgrade"]
[Date "2023.07.16"]
[Round "1"]
[White "Valiyev, Shahin"]
[Black "Shohat, Yotam"]
[Result "1/2-1/2"]
[WhiteElo "2220"]
[BlackElo "2363"]
[PlyCount "89"]
[EventDate "2023.07.16"]
[EventType "swiss"]
[EventRounds "9"]
[EventCountry "SRB"]
[SourceTitle "CBM 215 Extra"]
[Source "ChessBase"]
[SourceDate "2023.09.30"]
[SourceVersion "1"]
[SourceVersionDate "2023.09.30"]
[SourceQuality "1"]

1. e4 c5 2. Nf3 d6 3. d4 cxd4 4. Nxd4 Nf6 5. Nc3 g6 6. Be3 Nc6 7. f3 h5 8. Qd2 Nxd4 9. Bxd4 Bh6 10. Qf2 Qa5 11. Bc4 Be6 12. Bxe6 fxe6 13. a3 0-0 14. Qe2 e5 15. Bf2 Rac8 16. 0-0 a6 17. Rad1 Qc7 18. Kh1 Bg5 19. Be3 Bxe3 20. Qxe3 Kg7 21. Rf2 Qc5 22. Qxc5 Rxc5 23. Rdd2 h4 24. Nd1 b5 25. Ne3 a5 26. Kg1 Rb8 27. Rd3 Rbc8 28. Rdd2 Kf7 29. g3 Rh8 30. Kg2 Ke6 31. Rd1 Rb8 32. Rd3 hxg3 33. hxg3 b4 34. a4 Rbc8 35. b3 g5 36. g4 d5 37. exd5+ Nxd5 38. Nxd5 Rxd5 39. Rxd5 Kxd5 40. Rd2+ Ke6 41. Kf2 Rc3 42. Ke2 Kf6 43. Kd1 Ke6 44. Ke2 Kf6 45. Kd1 1/2-1/2

[Event "Baku op"]
[Site "Baku"]
[Date "2023.05.06"]
[Round "3"]
[White "Valiyev, Shahin"]
[Black "Akhvlediani, Irakli"]
[Result "1/2-1/2"]
[WhiteElo "2252"]
[BlackElo "2421"]
[PlyCount "118"]
[EventDate "2023.05.04"]
[EventType "swiss"]
[EventRounds "9"]
[EventCountry "AZE"]
[SourceTitle "CBM 214 Extra"]
[Source "ChessBase"]
[SourceDate "2023.07.31"]
[SourceVersion "1"]
[SourceVersionDate "2023.07.31"]
[SourceQuality "1"]

1. e4 c5 2. Nf3 d6 3. d4 cxd4 4. Nxd4 Nf6 5. Nc3 a6 6. Be3 e5 7. Nb3 Be6 8. f3 h5 9. Qd2 Nbd7 10. Be2 Be7 11. Nd5 Nxd5 12. exd5 Bf5 13. 0-0 Rc8 14. c3 Nf6 15. a4 h4 16. a5 Nh5 17. Bd1 0-0 18. Nc1 Nf4 19. Ne2 Nxe2+ 20. Bxe2 Qd7 21. b4 Bg6 22. c4 h3 23. g3 f5 24. f4 Bf6 25. Rac1 Bf7 26. Rfd1 Rfe8 27. Bf3 exf4 28. Bxf4 Be5 29. c5 dxc5 30. bxc5 Qb5 31. Bxe5 Rxe5 32. Qd4 Rce8 33. d6 Qb3 34. Qc3 Re3 35. Qxb3 Rxb3 36. d7 Rd8 37. Bd5 Rb5 38. c6 bxc6 39. Bxc6 Rb2 40. Re1 Kf8 41. Rc5 g6 42. Rce5 Kg7 43. R5e2 Rb3 44. Re8 Rxd7 45. Bxd7 Bxe8 46. Bxe8 Ra3 47. Bd7 Rxa5 48. Be6 Rc5 49. Ra1 a5 50. Bb3 Kf6 51. Bd1 Ke5 52. Be2 g5 53. Bf1 g4 54. Ra4 Kf6 55. Kf2 Rc2+ 56. Kg1 Rc5 57. Rf4 Rc1 58. Kf2 Ra1 59. Be2 Ke5 1/2-1/2

[Event "EU-ch 23rd"]
[Site "Vrnjacka Banja"]
[Date "2023.03.07"]
[Round "5"]
[White "Valiyev, Shahin"]
[Black "Bournel, Antoine"]
[Result "1/2-1/2"]
[WhiteElo "2201"]
[BlackElo "2377"]
[PlyCount "52"]
[EventDate "2023.03.03"]
[EventType "swiss"]
[EventRounds "11"]
[EventCountry "SRB"]
[SourceTitle "CBM 213"]
[Source "ChessBase"]
[SourceDate "2023.04.30"]
[SourceVersion "1"]
[SourceVersionDate "2023.04.30"]
[SourceQuality "1"]

1. e4 c6 2. d4 d5 3. Nc3 dxe4 4. Nxe4 Bf5 5. Ng3 Bg6 6. h4 h6 7. Nf3 Nd7 8. Bd3 Bxd3 9. Qxd3 e6 10. Bf4 Qa5+ 11. Bd2 Bb4 12. c3 Be7 13. c4 Qc7 14. 0-0-0 Ngf6 15. Ne4 c5 16. d5 exd5 17. cxd5 c4 18. Nxf6+ Nxf6 19. Qd4 0-0 20. Bf4 Qa5 21. d6 Rad8 22. Qe5 Qxa2 23. dxe7 Qa1+ 24. Kc2 Qa4+ 25. Kc1 Qa1+ 26. Kc2 Qa4+ 1/2-1/2

[Event "EU-ch 23rd"]
[Site "Vrnjacka Banja"]
[Date "2023.03.03"]
[Round "1"]
[White "Valiyev, Shahin"]
[Black "Halkias, Stelios"]
[Result "1/2-1/2"]
[WhiteElo "2201"]
[BlackElo "2514"]
[PlyCount "51"]
[EventDate "2023.03.03"]
[EventType "swiss"]
[EventRounds "11"]
[EventCountry "SRB"]
[SourceTitle "CBM 213"]
[Source "ChessBase"]
[SourceDate "2023.04.30"]
[SourceVersion "1"]
[SourceVersionDate "2023.04.30"]
[SourceQuality "1"]

1. e4 c5 2. Nf3 Nc6 3. d4 cxd4 4. Nxd4 Nf6 5. Nc3 e5 6. Ndb5 d6 7. Bg5 a6 8. Na3 b5 9. Nd5 Be7 10. Bxf6 Bxf6 11. c4 b4 12. Nc2 0-0 13. Qf3 Bg5 14. h4 Bh6 15. g4 f6 16. b3 a5 17. Rd1 Be6 18. Be2 Kh8 19. Kf1 Qb8 20. Qg2 Qa7 21. f3 Bf4 22. Qf2 Bxd5 23. Qxa7 Rxa7 24. Rxd5 a4 25. Rxd6 axb3 26. axb3 1/2-1/2

[Event "AZE-ch Prelim 77th"]
[Site "Baku"]
[Date "2023.01.16"]
[Round "4"]
[White "Ahmad, Khagan"]
[Black "Valiyev, Shahin"]
[Result "1/2-1/2"]
[WhiteElo "2133"]
[BlackElo "2233"]
[PlyCount "65"]
[EventDate "2023.01.13"]
[EventType "swiss"]
[EventRounds "9"]
[EventCountry "AZE"]
[SourceTitle "CBM 212 Extra"]
[Source "ChessBase"]
[SourceDate "2023.03.31"]
[SourceVersion "1"]
[SourceVersionDate "2023.03.31"]
[SourceQuality "1"]

1. e4 c5 2. Nf3 d6 3. d4 cxd4 4. Nxd4 Nf6 5. Nc3 a6 6. Be3 e5 7. Nb3 Be6 8. f3 h5 9. Nd5 Bxd5 10. exd5 Nbd7 11. Qd2 g6 12. 0-0-0 Nb6 13. Qa5 Bh6 14. Bxh6 Rxh6 15. Qd2 Rh8 16. f4 exf4 17. Qxf4 Kf8 18. Bd3 Kg7 19. Nd4 Re8 20. Rhf1 Nbxd5 21. Nf5+ gxf5 22. Qg5+ Kf8 23. Qh6+ Ke7 24. Bxf5 Qa5 25. Bh3 Qxa2 26. Rxf6 Nxf6 27. Re1+ Kd8 28. Qxf6+ Kc7 29. Re7+ Rxe7 30. Qxe7+ Kb8 31. Qxd6+ Ka7 32. Qd4+ Kb8 33. Qd6+ 1/2-1/2

[Event "AZE-ch Blitz"]
[Site "Baku"]
[Date "2022.12.05"]
[Round "8"]
[White "Muradli, Mahammad"]
[Black "Valiyev, Shahin"]
[Result "1-0"]
[WhiteElo "2540"]
[BlackElo "2233"]
[PlyCount "59"]
[EventDate "2022.12.05"]
[EventType "swiss (blitz)"]
[EventRounds "9"]
[EventCountry "AZE"]
[SourceTitle "CBM 211 Extra"]
[Source "ChessBase"]
[SourceDate "2023.01.31"]
[SourceVersion "1"]
[SourceVersionDate "2023.01.31"]
[SourceQuality "1"]

1. c4 e6 2. Nc3 d5 3. d4 Be7 4. cxd5 exd5 5. Bf4 c6 6. e3 Bf5 7. g4 Be6 8. h3 Nd7 9. Bd3 h6 10. Nge2 Ngf6 11. Bg3 Nb6 12. Qc2 Bd6 13. a3 Bxg3 14. Nxg3 Qe7 15. 0-0-0 0-0-0 16. f3 Kb8 17. Kb1 c5 18. dxc5 Qxc5 19. Nb5 Qxc2+ 20. Bxc2 Rhe8 21. Nd4 Nc4 22. Rhe1 Bc8 23. Rd3 Ne5 24. Rb3 Bd7 25. Ngf5 Nc4 26. Ka2 Bxf5 27. Bxf5 Nd7 28. Nc6+ Kc7 29. Nxd8 Rxd8 30. Bxd7 1-0

[Event "AZE-ch Blitz"]
[Site "Baku"]
[Date "2022.12.05"]
[Round "6"]
[White "Valiyev, Shahin"]
[Black "Atakishiyev, Elmar"]
[Result "1-0"]
[WhiteElo "2233"]
[BlackElo "2303"]
[PlyCount "65"]
[EventDate "2022.12.05"]
[EventType "swiss (blitz)"]
[EventRounds "9"]
[EventCountry "AZE"]
[SourceTitle "CBM 211 Extra"]
[Source "ChessBase"]
[SourceDate "2023.01.31"]
[SourceVersion "1"]
[SourceVersionDate "2023.01.31"]
[SourceQuality "1"]

1. e4 e6 2. d4 d5 3. Nd2 c5 4. Ngf3 cxd4 5. Nxd4 Nc6 6. Bb5 Bd7 7. Nxc6 bxc6 8. Bd3 Qc7 9. Qe2 Ne7 10. 0-0 Ng6 11. Nf3 Bd6 12. Re1 Nf4 13. Bxf4 Bxf4 14. g3 Bd6 15. Rac1 0-0 16. c4 dxc4 17. Rxc4 e5 18. Rec1 Rfd8 19. b4 Qb6 20. Qb2 Be8 21. Bc2 a5 22. Ba4 axb4 23. Bxc6 Bxc6 24. Rxc6 Qa5 25. Rd1 Bf8 26. Rxd8 Rxd8 27. Nxe5 Rd1+ 28. Kg2 Qb5 29. Qc2 Qf1+ 30. Kf3 Qh1+ 31. Kf4 Re1 32. Qc4 Qxh2 33. Qxf7+ 1-0